| 000 | 00701nam a2200241 i 4500 | ||
|---|---|---|---|
| 003 | DO-SdBNP | ||
| 005 | 20251008085152.0 | ||
| 007 | ta | ||
| 008 | 251008s2003 dr a 000 0 spa d | ||
| 040 |
_aDO-SdBNP _bspa _cDO-SdBNP _erda |
||
| 041 | _aspa | ||
| 082 | 4 |
_axxxx _bH116 _222 |
|
| 245 | 0 | 0 | _aHablemos de la reforma del sector Justicia / |
| 264 |
_aSanto Domingo : _bFINJUS, _c2003. |
||
| 300 |
_a22 páginas; _c22 cm. |
||
| 336 |
_atexto _btxt _2rdacontent |
||
| 337 |
_asin mediación _bn _2rdamedia |
||
| 338 |
_avolumen _bnc _2rdacarrier |
||
| 590 | _aInventariado, 2025/ YL | ||
| 710 | 1 |
_aFundación Institucionalidad y Justicia (FINJUS) _988456 |
|
| 910 | _aYLockward | ||
| 942 |
_2ddc _cLF2 |
||
| 999 |
_c59925 _d59925 |
||